[Event "Seniorenkampioenschap 2012"]
[Site "Oosterbeek, Netherlands"]
[Date "2012.07.07"]
[Round "1"]
[White "Vosselman, Jan"]
[Black "Berg, Ad van den"]
[Result "0-1"]
[WhiteElo "2009"]
[BlackElo "2206"]
[PlyCount "44"]
[EventDate "2012.??.??"]

1. d4 d6 2. c4 e5 3. d5 Be7 4. Nc3 Nf6 5. e4 O-O 6. Bd3 a5 7. Nge2 Nh5 8. Be3
Bg5 9. Qd2 Bxe3 10. Qxe3 Na6 11. O-O-O Nc5 12. Bc2 a4 13. f4 exf4 14. Nxf4 Nxf4
15. Qxf4 a3 16. b3 Nd7 17. g4 Ne5 18. Rdg1 Bd7 19. h4 f6 20. g5 Qe7 21. h5 fxg5
22. Qxg5 Rf1+ 0-1

[Event "Seniorenkampioenschap 2012"]
[Site "Oosterbeek, Netherlands"]
[Date "2012.07.07"]
[Round "1"]
[White "Vogel, Jaap"]
[Black "Huysman, Arie"]
[Result "1-0"]
[WhiteElo "2156"]
[BlackElo "2003"]
[PlyCount "73"]
[EventDate "2012.??.??"]

1. d4 Nf6 2. Nf3 e6 3. g3 c5 4. Bg2 d5 5. O-O Nc6 6. c4 Ne4 7. Nc3 f5 8. Bf4 a6
9. Rc1 dxc4 10. Nxe4 fxe4 11. Ng5 Be7 12. Nxe4 cxd4 13. Rxc4 O-O 14. Nc5 Bf6
15. Nxb7 Bxb7 16. Bxc6 Bxc6 17. Rxc6 Qd5 18. Qa4 e5 19. Bd2 Rfb8 20. b3 Kh8 21.
Rfc1 h5 22. R1c5 Qe4 23. Rxa6 Qb1+ 24. Rc1 Qe4 25. Qc4 Rxa6 26. Qxa6 Ra8 27.
Rc8+ Rxc8 28. Qxc8+ Kh7 29. Qa6 Qb1+ 30. Kg2 e4 31. Qb5 Kg6 32. a4 Qc2 33. Qe8+
Kh7 34. Qxh5+ Kg8 35. Bf4 Qc6 36. Qb5 Qc2 37. Qc4+ 1-0

[Event "Seniorenkampioenschap 2012"]
[Site "Oosterbeek, Netherlands"]
[Date "2012.07.07"]
[Round "1"]
[White "Etmans, Maarten"]
[Black "Vlam, Horatio"]
[Result "1-0"]
[WhiteElo "2001"]
[BlackElo "2145"]
[PlyCount "85"]
[EventDate "2012.??.??"]

1. e4 d6 2. Nf3 Nf6 3. Nc3 g6 4. Bc4 Bg7 5. O-O O-O 6. d3 Nc6 7. h3 e5 8. Be3
Nh5 9. Qd2 Nd4 10. Bxd4 exd4 11. Ne2 c5 12. Ng3 Nxg3 13. fxg3 Be6 14. Qf4 d5
15. exd5 Bxd5 16. Nd2 Bxc4 17. Nxc4 Qd5 18. a4 Rae8 19. Rae1 Re6 20. Qc7 Bh6
21. Rxe6 fxe6 22. Rxf8+ Bxf8 23. Ne5 Kh8 24. Qf7 Qd6 25. Qf6+ Kg8 26. Qf7+ Kh8
27. Qf3 Qe7 28. Qe4 Bg7 29. Nf3 Bf6 30. g4 Kg7 31. Qf4 e5 32. Qe4 b6 33. g3 Kf7
34. h4 a6 35. g5 Bg7 36. b3 Qe6 37. Qb7+ Kg8 38. Qxa6 Qc6 39. Nd2 Qc7 40. Qa8+
Bf8 41. Ne4 Kf7 42. Qd5+ Kg7 43. Nf6 1-0

[Event "Seniorenkampioenschap 2012"]
[Site "Oosterbeek, Netherlands"]
[Date "2012.07.07"]
[Round "1"]
[White "Lanen, Toon van"]
[Black "Seeleman, Jan"]
[Result "1-0"]
[WhiteElo "2143"]
[BlackElo "2000"]
[PlyCount "151"]
[EventDate "2012.??.??"]

1. e4 e5 2. Nf3 Nc6 3. d4 exd4 4. Nxd4 Nf6 5. Nxc6 bxc6 6. Bd3 d5 7. exd5 cxd5
8. O-O Be7 9. c4 c6 10. Nc3 O-O 11. cxd5 cxd5 12. Be3 Be6 13. Bd4 Qd7 14. Re1
Rab8 15. Qc2 g6 16. Rad1 Nh5 17. Qd2 Bf6 18. Be2 Bxd4 19. Qxd4 Ng7 20. Bf3 Qb7
21. b3 Nf5 22. Qe5 Rbe8 23. Bxd5 Bxd5 24. Qxd5 Rxe1+ 25. Rxe1 Qb4 26. Qd3 Rc8
27. Rc1 Nd4 28. Kf1 Nb5 29. Ne2 Rxc1+ 30. Nxc1 Nd6 31. Ne2 Nf5 32. h3 h5 33. g3
Qb7 34. Kg1 Qb4 35. Kg2 Qb7+ 36. Kg1 Qb4 37. Qd8+ Kg7 38. Qd3 Qe1+ 39. Kg2 Qb4
40. Qc3+ Qxc3 41. Nxc3 Nd4 42. f4 f6 43. Kf2 Kf7 44. Ke3 Nf5+ 45. Kf3 Nd4+ 46.
Ke4 Nf5 47. g4 Nd6+ 48. Kd5 Ke7 49. gxh5 gxh5 50. b4 Nf5 51. b5 Ne3+ 52. Ke4
Nc4 53. Kd4 Nd6 54. Kd5 Kd7 55. a4 Nf5 56. a5 Ne7+ 57. Kc5 Ng6 58. Nd5 f5 59.
Nf6+ Kc7 60. Nxh5 Nf8 61. Kd5 Ng6 62. Ke6 Nh4 63. Ng3 Ng2 64. Ke5 Ne3 65. h4
Nc4+ 66. Ke6 Nxa5 67. h5 Nb3 68. Nxf5 Kb6 69. h6 Nc5+ 70. Ke7 Kxb5 71. h7 a5
72. h8=Q a4 73. Qb2+ Nb3 74. Nd4+ Kb4 75. Nxb3 axb3 76. Kd6 1-0

[Event "Seniorenkampioenschap 2012"]
[Site "Oosterbeek, Netherlands"]
[Date "2012.07.07"]
[Round "1"]
[White "Jonkman, Fokke"]
[Black "Markus, John"]
[Result "1/2-1/2"]
[WhiteElo "1995"]
[BlackElo "2107"]
[PlyCount "50"]
[EventDate "2012.??.??"]

1. c4 c5 2. Nf3 Nf6 3. Nc3 e6 4. d4 cxd4 5. Nxd4 a6 6. g3 Bc5 7. Nb3 Be7 8. Bf4
Nc6 9. Bg2 O-O 10. Bd6 Bxd6 11. Qxd6 Ne8 12. Qd2 Qc7 13. c5 d6 14. O-O dxc5 15.
Nxc5 b6 16. N5e4 Bb7 17. Rfd1 h6 18. Nd6 Rd8 19. Nxe8 Rfxe8 20. Qe3 Nb4 21.
Rac1 Bxg2 22. Kxg2 Qb7+ 23. f3 Nd5 24. Qg1 b5 25. e4 Nxc3 1/2-1/2

[Event "Seniorenkampioenschap 2012"]
[Site "Oosterbeek, Netherlands"]
[Date "2012.07.07"]
[Round "1"]
[White "Viergever, Max"]
[Black "Vreede, Jim van de"]
[Result "1-0"]
[WhiteElo "2097"]
[BlackElo "1994"]
[PlyCount "61"]
[EventDate "2012.??.??"]

1. e4 d5 2. exd5 Qxd5 3. Nf3 c6 4. Be2 Nf6 5. d4 Bf5 6. O-O e6 7. c4 Qd6 8. Nc3
Nbd7 9. Bg5 Rc8 10. Qd2 Qb8 11. Bf4 Bd6 12. Bxd6 Qxd6 13. Rad1 O-O 14. h3 Bg6
15. Qe3 Rfe8 16. Ne5 Rcd8 17. a3 a5 18. Rfe1 Nf8 19. Bf3 Bc2 20. Rd2 Bb3 21.
Ne2 a4 22. Nc1 c5 23. Nxb3 axb3 24. Qxb3 cxd4 25. Qxb7 N8d7 26. Nc6 Nc5 27. Qb4
Rb8 28. Nxb8 Rxb8 29. Rxd4 Qc7 30. Red1 Kf8 31. Qxb8+ 1-0

[Event "Seniorenkampioenschap 2012"]
[Site "Oosterbeek, Netherlands"]
[Date "2012.07.07"]
[Round "1"]
[White "Caljé, Tom"]
[Black "Schouten, Nico"]
[Result "0-1"]
[WhiteElo "1990"]
[BlackElo "2094"]
[PlyCount "80"]
[EventDate "2012.??.??"]

1. d4 Nf6 2. Bf4 d6 3. e3 g6 4. Nf3 Bg7 5. Be2 O-O 6. h3 c6 7. O-O Nbd7 8. c4
Ne4 9. Nbd2 Nxd2 10. Qxd2 e5 11. dxe5 dxe5 12. Bh2 Qe7 13. Rfd1 Re8 14. Rac1 a5
15. b3 Nc5 16. Qd6 Qxd6 17. Rxd6 Bf8 18. Rdd1 f6 19. Bg3 Ne4 20. Bh4 g5 21. Bd3
Nc5 22. Nxg5 fxg5 23. Bxg5 Nxd3 24. Rxd3 Bf5 25. e4 Bxe4 26. Rd7 c5 27. Rcd1
Bc6 28. R7d3 Kf7 29. Rg3 Be7 30. f4 Rg8 31. Rf1 e4 32. Rg4 Rae8 33. Rh4 Bxg5
34. fxg5+ Ke6 35. Rh6+ Ke5 36. h4 Re7 37. Rhf6 e3 38. R1f5+ Kd4 39. Rd6+ Kc3
40. Rf1 Be4 0-1

[Event "Seniorenkampioenschap 2012"]
[Site "Oosterbeek, Netherlands"]
[Date "2012.07.07"]
[Round "1"]
[White "Holscher, Peter"]
[Black "Erwich, Frans"]
[Result "1-0"]
[WhiteElo "2078"]
[BlackElo "1985"]
[PlyCount "99"]
[EventDate "2012.??.??"]

1. d4 Nf6 2. c4 e6 3. Nf3 c5 4. Nc3 a6 5. g3 cxd4 6. Qxd4 Qc7 7. Bg2 Be7 8. O-O
O-O 9. Bf4 d6 10. Qd3 e5 11. Bg5 Be6 12. b3 Nbd7 13. Rac1 Rac8 14. Rfd1 h6 15.
Bd2 Nc5 16. Qb1 Qd7 17. e4 Bh3 18. Nh4 Bxg2 19. Kxg2 Rfe8 20. f3 Bf8 21. Nf5
Ne6 22. Be3 Kh7 23. Na4 Rc6 24. c5 g6 25. Nxd6 Bxd6 26. cxd6 Rxd6 27. Nb6 Qd8
28. Nc4 Rxd1 29. Rxd1 Qc7 30. Bb6 Qc6 31. Rd6 Qc8 32. h4 Nh5 33. Kf2 Nc5 34.
Kg2 Nd7 35. Qd1 Nxb6 36. Rxb6 Re6 37. Rxe6 Qxe6 38. Qd6 Qc8 39. Qe7 b5 40.
Qxf7+ Ng7 41. Nxe5 Qc2+ 42. Kh3 h5 43. Qxg6+ Kg8 44. Qf7+ Kh7 45. Nd7 Qc1 46.
g4 hxg4+ 47. Kxg4 Qg1+ 48. Kf4 Qh2+ 49. Ke3 Qxh4 50. Nf8+ 1-0

[Event "Seniorenkampioenschap 2012"]
[Site "Oosterbeek, Netherlands"]
[Date "2012.07.07"]
[Round "1"]
[White "Duijker, Bert"]
[Black "Leeuwen, Etienne van"]
[Result "0-1"]
[WhiteElo "1946"]
[BlackElo "2061"]
[PlyCount "54"]
[EventDate "2012.??.??"]

1. Nf3 Nf6 2. c4 g6 3. d4 Bg7 4. g3 d5 5. cxd5 Nxd5 6. Bg2 Nc6 7. e4 Nb6 8. Be3
Bg4 9. e5 O-O 10. O-O Qd7 11. Nc3 Rad8 12. Ne2 Qf5 13. Nh4 Qc8 14. Bxc6 bxc6
15. Qc2 Nd5 16. Ng2 c5 17. dxc5 Bxe5 18. Bh6 Rfe8 19. Rae1 Bf6 20. Bc1 Nb4 21.
Qc4 Nd3 22. Ne3 Nxe1 23. Nxg4 Nf3+ 24. Kg2 Nd2 25. Bxd2 Rxd2 26. Nh6+ Kg7 27.
b3 Kxh6 0-1

[Event "Seniorenkampioenschap 2012"]
[Site "Oosterbeek, Netherlands"]
[Date "2012.07.07"]
[Round "1"]
[White "Hoynck van Papendrecht, Fr"]
[Black "Greevenbosch, Henk"]
[Result "1-0"]
[WhiteElo "2055"]
[BlackElo "1943"]
[PlyCount "59"]
[EventDate "2012.??.??"]

1. d4 d5 2. Nf3 f5 3. Bg5 Nf6 4. Bxf6 exf6 5. e3 Be6 6. Bd3 Bd6 7. Nc3 c6 8.
Ne2 Kf7 9. c3 Nd7 10. Nh4 g6 11. g3 b5 12. Nf4 Nb6 13. Nxe6 Kxe6 14. g4 f4 15.
Qf3 Qc7 16. O-O-O Kf7 17. Ng2 fxe3 18. fxe3 Raf8 19. h4 Na4 20. Rdf1 Kg7 21. h5
Qe7 22. Nh4 Ba3 23. hxg6 Bxb2+ 24. Kd2 hxg6 25. Nxg6 Qa3 26. Qf5 Qxc3+ 27. Ke2
Rxh1 28. Rxh1 Bc1 29. Rh7+ Kxh7 30. Ne7+ 1-0

[Event "Seniorenkampioenschap 2012"]
[Site "Oosterbeek, Netherlands"]
[Date "2012.07.07"]
[Round "1"]
[White "Landsbergen, Ron"]
[Black "Klein, Ron"]
[Result "1-0"]
[WhiteElo "1934"]
[BlackElo "2049"]
[PlyCount "79"]
[EventDate "2012.??.??"]

1. e4 e6 2. d3 d5 3. Nd2 c5 4. Ngf3 Nc6 5. g3 Bd6 6. Bg2 Nge7 7. O-O O-O 8. Nh4
b6 9. f4 f5 10. exf5 exf5 11. Re1 Bb7 12. Ndf3 Qd7 13. Qe2 Rad8 14. Bd2 Bb8 15.
Qe6+ Qxe6 16. Rxe6 Bc8 17. Re2 d4 18. Rae1 Nd5 19. a3 Nf6 20. Ng5 Rd6 21. Ne6
Re8 22. Nxd4 Rxe2 23. Nxe2 c4 24. Bxc6 cxd3 25. Nd4 Rxd4 26. Bc3 d2 27. Rd1 Rc4
28. Ba8 Be6 29. Rxd2 Bc7 30. Bxf6 gxf6 31. Nxf5 b5 32. Bd5 Bb6+ 33. Kf1 Bxd5
34. Ne7+ Kf7 35. Nxd5 Ba5 36. c3 Re4 37. Re2 f5 38. Rxe4 fxe4 39. f5 Bd8 40. h4
1-0

[Event "Seniorenkampioenschap 2012"]
[Site "Oosterbeek, Netherlands"]
[Date "2012.07.07"]
[Round "1"]
[White "Smeets, Pierre"]
[Black "Versteeg, Cees"]
[Result "0-1"]
[WhiteElo "2041"]
[BlackElo "1912"]
[PlyCount "132"]
[EventDate "2012.??.??"]

1. d4 Nf6 2. Nf3 g6 3. Bg5 Bg7 4. Nbd2 d5 5. e3 O-O 6. Bd3 b6 7. O-O Bb7 8. c3
Nbd7 9. Qc2 c5 10. Rfe1 Rc8 11. Rad1 Re8 12. Qb1 e5 13. e4 Qc7 14. dxe5 Nxe5
15. Nxe5 Qxe5 16. Nf3 Qc7 17. Bxf6 Bxf6 18. exd5 Bxd5 19. Bxg6 Bxf3 20. Bxh7+
Kg7 21. gxf3 Rxe1+ 22. Rxe1 Rh8 23. Bf5 Qxh2+ 24. Kf1 Bh4 25. Qc2 Rh5 26. Re4
Qh1+ 27. Ke2 Rxf5 28. Rxh4 Qxf3+ 29. Kf1 Rd5 30. Qh7+ Kf6 31. Qh6+ Ke7 32. Qe3+
Qxe3 33. fxe3 Rd2 34. Ra4 Rxb2 35. Rxa7+ Ke6 36. a4 f5 37. Rb7 Kd5 38. a5 b5
39. a6 Kc4 40. a7 Ra2 41. Rc7 b4 42. cxb4 Kxb4 43. Rb7+ Kc3 44. Rb5 Kc4 45. Rb7
Kd3 46. Rb3+ Ke4 47. Rb5 c4 48. Rc5 Kd3 49. Rxf5 Rxa7 50. Kf2 Ra2+ 51. Kf3 c3
52. Rd5+ Kc4 53. Rd8 c2 54. Rc8+ Kd3 55. Rd8+ Kc3 56. Rc8+ Kd2 57. Rd8+ Kc1 58.
Kf4 Kb1 59. Rc8 c1=Q 60. Rxc1+ Kxc1 61. e4 Kd2 62. e5 Kd3 63. Kf5 Kd4 64. Kf6
Kd5 65. e6 Re2 66. Kf7 Kd6 0-1

[Event "Seniorenkampioenschap 2012"]
[Site "Oosterbeek, Netherlands"]
[Date "2012.07.07"]
[Round "1"]
[White "Peut, Aart van de"]
[Black "Goossen, Theo"]
[Result "0-1"]
[WhiteElo "1907"]
[BlackElo "2037"]
[PlyCount "60"]
[EventDate "2012.??.??"]

1. e4 c5 2. Nc3 a6 3. g3 b5 4. Bg2 Bb7 5. Nh3 e6 6. O-O Nf6 7. d3 b4 8. Ne2 d5
9. exd5 Bxd5 10. Nef4 Bxg2 11. Kxg2 Be7 12. Re1 O-O 13. Qf3 Ra7 14. a3 Qc8 15.
Be3 Rd7 16. axb4 cxb4 17. Rec1 Nc6 18. Qe2 Qb7 19. Kg1 Ne5 20. Ng5 h6 21. d4
hxg5 22. dxe5 gxf4 23. exf6 Bxf6 24. Bxf4 Bxb2 25. Be5 Bxc1 26. Rxc1 Qd5 27.
Re1 f6 28. Bb2 a5 29. Qxe6+ Qxe6 30. Rxe6 Rc8 0-1

[Event "Seniorenkampioenschap 2012"]
[Site "Oosterbeek, Netherlands"]
[Date "2012.07.07"]
[Round "1"]
[White "Vreugdenhil, Frans"]
[Black "Haitsma, Anne"]
[Result "1/2-1/2"]
[WhiteElo "2034"]
[BlackElo "1904"]
[PlyCount "76"]
[EventDate "2012.??.??"]

1. e4 e5 2. Nf3 Nc6 3. d4 exd4 4. Bc4 Bc5 5. Ng5 Nh6 6. Nxf7 Bb4+ 7. c3 dxc3 8.
bxc3 Nxf7 9. Bxf7+ Kxf7 10. Qb3+ d5 11. cxb4 Re8 12. O-O Nd4 13. Qd1 dxe4 14.
Bb2 Ne6 15. Qh5+ Kg8 16. Rd1 Qe7 17. Nc3 Nf4 18. Qb5 c6 19. Qc4+ Qe6 20. Qxe6+
Rxe6 21. Rd8+ Kf7 22. Rad1 Rg6 23. Nxe4 Bg4 24. Rxa8 Bxd1 25. Ng3 Re6 26. h3
Ne2+ 27. Kh2 Nxg3 28. Kxg3 Re2 29. Bd4 a6 30. Bc5 Rd2 31. Rf8+ Kg6 32. Re8 Rd7
33. Re4 Bc2 34. Rg4+ Kf7 35. Rf4+ Kg6 36. Bd4 h6 37. h4 Bd1 38. f3 Bc2 1/2-1/2

[Event "Seniorenkampioenschap 2012"]
[Site "Oosterbeek, Netherlands"]
[Date "2012.07.07"]
[Round "1"]
[White "Scholten, Karel"]
[Black "Toorman, Jan"]
[Result "1-0"]
[WhiteElo "1903"]
[BlackElo "2028"]
[PlyCount "59"]
[EventDate "2012.??.??"]

1. e4 c5 2. d4 cxd4 3. Nf3 e6 4. Nxd4 Nf6 5. Nc3 Nc6 6. Nxc6 bxc6 7. e5 Nd5 8.
Nxd5 cxd5 9. Bd3 Qc7 10. Qe2 Bb4+ 11. Kf1 O-O 12. Qh5 g6 13. Qh4 Rb8 14. Qf6
Re8 15. Bh6 Bf8 16. Bxf8 Rxf8 17. b3 d6 18. f4 Qc3 19. Ke2 Rb6 20. h4 Ba6 21.
Rac1 Bxd3+ 22. cxd3 Qb2+ 23. Kf3 dxe5 24. fxe5 Qd4 25. Rhd1 Rb4 26. g3 Qg4+ 27.
Kg2 a5 28. Rf1 Rd4 29. Rc8 Qe2+ 30. Rf2 1-0

[Event "Seniorenkampioenschap 2012"]
[Site "Oosterbeek, Netherlands"]
[Date "2012.07.08"]
[Round "2"]
[White "Van den Berg, Ad"]
[Black "Hoynck van Papendrecht, Fr"]
[Result "1-0"]
[WhiteElo "2206"]
[BlackElo "2055"]
[PlyCount "67"]
[EventDate "2012.??.??"]

1. c4 e6 2. e4 c6 3. Nc3 d5 4. d4 dxe4 5. Nxe4 Bb4+ 6. Nc3 e5 7. dxe5 Qa5 8. f4
Nh6 9. Bd2 Bg4 10. Be2 Bxe2 11. Qxe2 O-O 12. Nf3 Na6 13. O-O Rad8 14. a3 Qb6+
15. Kh1 Bxc3 16. Bxc3 Nc5 17. Bd4 Rxd4 18. Nxd4 Na4 19. Rfd1 c5 20. Nb5 Nf5 21.
b3 a6 22. bxa4 axb5 23. cxb5 Qh6 24. Qf2 b6 25. a5 bxa5 26. Rac1 Qe6 27. Qxc5
g6 28. b6 Rb8 29. b7 Kg7 30. Qc7 Ne3 31. Qxb8 Qa2 32. Qf8+ Kxf8 33. b8=Q+ Kg7
34. Qb7 1-0

[Event "Seniorenkampioenschap 2012"]
[Site "Oosterbeek, Netherlands"]
[Date "2012.07.08"]
[Round "2"]
[White "Van Leeuwen, Etienne"]
[Black "Vogel, Jaap"]
[Result "1/2-1/2"]
[WhiteElo "2061"]
[BlackElo "2156"]
[PlyCount "100"]
[EventDate "2012.??.??"]

1. e4 e6 2. d4 d5 3. Nc3 Bb4 4. e5 c5 5. a3 Bxc3+ 6. bxc3 Qa5 7. Bd2 Qa4 8. Qb1
c4 9. Nh3 Nc6 10. Be2 Nge7 11. Nf4 O-O 12. Bg4 Ng6 13. Nxg6 fxg6 14. O-O Qa5
15. Qe1 Bd7 16. Qe3 Ne7 17. Rfb1 b6 18. Qe1 Nf5 19. Qc1 Rf7 20. Qe1 Raf8 21.
Bg5 h6 22. Bxf5 Rxf5 23. Be7 R8f7 24. Bb4 Qa4 25. Ra2 Qa6 26. f3 Qc8 27. a4 Qd8
28. a5 b5 29. Raa1 Qg5 30. Qc1 Qh4 31. Qe1 g5 32. Qxh4 gxh4 33. h3 a6 34. Rf1
Be8 35. Ba3 g5 36. Bc1 Rb7 37. Ba3 Bg6 38. Rf2 h5 39. Raf1 Bh7 40. Kh2 Rbf7 41.
Kg1 Rg7 42. Kh2 g4 43. fxg4 hxg4 44. hxg4 Rxg4 45. Bc1 Rg3 46. Rxf5 Bxf5 47.
Rf3 Rxf3 48. gxf3 Kf7 49. Bg5 h3 50. Bd2 Kg6 1/2-1/2

[Event "Seniorenkampioenschap 2012"]
[Site "Oosterbeek, Netherlands"]
[Date "2012.07.08"]
[Round "2"]
[White "Goossen, Theo"]
[Black "Van Lanen, Toon"]
[Result "0-1"]
[WhiteElo "2037"]
[BlackElo "2143"]
[PlyCount "68"]
[EventDate "2012.??.??"]

1. e4 d5 2. exd5 Qxd5 3. Nf3 Nf6 4. d4 a6 5. c4 Qd6 6. Nc3 g6 7. c5 Qd8 8. Bc4
Bg7 9. Ne5 O-O 10. O-O Nc6 11. Nxc6 bxc6 12. Re1 Nd5 13. Bg5 Re8 14. Qa4 Bb7
15. Rad1 Rb8 16. a3 Kf8 17. Ba2 Ba8 18. Nxd5 cxd5 19. b4 Bb7 20. Bf4 e6 21. Qa5
Re7 22. c6 Bc8 23. a4 f6 24. Qc5 Kf7 25. Rb1 Bf8 26. b5 axb5 27. axb5 Rb6 28.
Qc3 Re8 29. Qg3 Bd6 30. Bxd6 Qxd6 31. Qxd6 cxd6 32. Re3 Re7 33. Ra3 Ke8 34. Kf1
Kd8 {vlag} 0-1

[Event "Seniorenkampioenschap 2012"]
[Site "Oosterbeek, Netherlands"]
[Date "2012.07.08"]
[Round "2"]
[White "Etmans, Maarten"]
[Black "Viergever, Max"]
[Result "1/2-1/2"]
[WhiteElo "2001"]
[BlackElo "2097"]
[PlyCount "28"]
[EventDate "2012.??.??"]

1. e4 d6 2. Nf3 Nf6 3. Nc3 e5 4. Bc4 Be7 5. O-O O-O 6. d3 c6 7. Bb3 Nbd7 8. Ne2
Nc5 9. Ng3 Nxb3 10. axb3 a6 11. d4 Qc7 12. Qd3 Be6 13. c4 Rad8 14. d5 Bc8
1/2-1/2

[Event "Seniorenkampioenschap 2012"]
[Site "Oosterbeek, Netherlands"]
[Date "2012.07.08"]
[Round "2"]
[White "Schouten, Nico"]
[Black "Landsbergen, Ron"]
[Result "1-0"]
[WhiteElo "2094"]
[BlackElo "1934"]
[PlyCount "57"]
[EventDate "2012.??.??"]

1. d4 Nf6 2. c4 c5 3. dxc5 e6 4. g3 Bxc5 5. Bg2 Nc6 6. Nc3 O-O 7. Nh3 d5 8.
cxd5 Nxd5 9. Nxd5 exd5 10. O-O Bf5 11. Nf4 d4 12. a3 a5 13. b3 Qd7 14. Bb2 Rac8
15. Qd2 Bb6 16. Rac1 h6 17. Rfd1 Rfd8 18. b4 axb4 19. axb4 Qd6 20. Nd5 Ba7 21.
b5 Ne7 22. Rxc8 Rxc8 23. Bxd4 Bxd4 24. Qxd4 Nxd5 25. Bxd5 Be6 26. Bxb7 Qxd4 27.
Rxd4 Rc1+ 28. Kg2 Bc4 29. Be4 1-0

[Event "Seniorenkampioenschap 2012"]
[Site "Oosterbeek, Netherlands"]
[Date "2012.07.08"]
[Round "2"]
[White "Versteeg, Cees"]
[Black "Holscher, Peter"]
[Result "1-0"]
[WhiteElo "1912"]
[BlackElo "2078"]
[PlyCount "77"]
[EventDate "2012.??.??"]

1. e4 d6 2. d4 Nf6 3. Nc3 c6 4. f4 g6 5. Nf3 Bg7 6. Bd3 O-O 7. O-O Bg4 8. h3
Bxf3 9. Qxf3 Nbd7 10. e5 Ne8 11. Be3 Nc7 12. Ne4 d5 13. Ng3 f6 14. e6 Nxe6 15.
f5 Ng5 16. Qg4 gxf5 17. Nxf5 Rf7 18. h4 h6 19. hxg5 fxg5 20. Nxg7 Nf6 21. Rxf6
exf6 22. Nf5 Rh7 23. Qh5 Qe8 24. Nxh6+ Rxh6 25. Qxh6 Qxe3+ 26. Kh1 Qe7 27. Rf1
Rf8 28. Qg6+ Qg7 29. Qxg7+ Kxg7 30. Re1 Kf7 31. Bf5 Rh8+ 32. Kg1 Rd8 33. Kf2
Rh8 34. Re3 Rh4 35. c3 Kf8 36. Bc8 Rh7 37. Rh3 Rc7 38. Bf5 Kg8 39. Rh6 1-0

[Event "Seniorenkampioenschap 2012"]
[Site "Oosterbeek, Netherlands"]
[Date "2012.07.08"]
[Round "2"]
[White "Markus, John"]
[Black "Scholten, Karel"]
[Result "1-0"]
[WhiteElo "2107"]
[BlackElo "1903"]
[PlyCount "99"]
[EventDate "2012.??.??"]

1. d4 Nf6 2. Nf3 g6 3. c4 c5 4. d5 e6 5. Nc3 exd5 6. cxd5 Bg7 7. e4 d6 8. Be2
O-O 9. O-O a6 10. a4 Bg4 11. h3 Bxf3 12. Bxf3 Nbd7 13. Bf4 Ne5 14. Bxe5 dxe5
15. a5 Qd6 16. Qc2 Nd7 17. Bg4 Nf6 18. Be2 Nd7 19. Bd3 Rac8 20. Qb3 Rc7 21. Na4
Bh6 22. Rfd1 Rfc8 23. Bc4 Rb8 24. Qa3 Rcc8 25. Rd3 Bg5 26. Nc3 Kh8 27. b3 Rf8
28. g3 Rbe8 29. h4 Bd8 30. Kg2 f5 31. Rf3 f4 32. Be2 g5 33. hxg5 Bxg5 34. Rh1
Nf6 35. Bd3 Rg8 36. Na4 Nd7 37. Nb2 Qg6 38. Nc4 Be7 39. Qa1 Qg5 40. Be2 Ref8
41. Qc3 fxg3 42. Rxg3 Qf4 43. Qf3 Qxf3+ 44. Bxf3 Rxg3+ 45. fxg3 Rg8 46. Bh5 Bd8
47. Bf7 Rg7 48. Be6 b5 49. axb6 Nxb6 50. Rf1 1-0

[Event "Seniorenkampioenschap 2012"]
[Site "Oosterbeek, Netherlands"]
[Date "2012.07.08"]
[Round "2"]
[White "Haitsma, Anne"]
[Black "Jonkman, Fokke"]
[Result "1/2-1/2"]
[WhiteElo "1904"]
[BlackElo "1995"]
[PlyCount "80"]
[EventDate "2012.??.??"]

1. d4 c5 2. d5 g6 3. e4 Bg7 4. Nf3 d6 5. Be2 Nf6 6. Nc3 O-O 7. O-O e6 8. dxe6
Bxe6 9. Bg5 h6 10. Bf4 d5 11. exd5 Nxd5 12. Nxd5 Qxd5 13. Qxd5 Bxd5 14. Rfd1
Be6 15. c3 Nd7 16. Bb5 Nb6 17. Be3 Rfc8 18. Nd2 Nd5 19. Bc4 Nxe3 20. fxe3 Bxc4
21. Nxc4 Rd8 22. a4 f5 23. Kf2 Bf6 24. g3 Kf8 25. Kf3 Ke7 26. e4 fxe4+ 27. Kxe4
Ke6 28. Ne3 h5 29. Rxd8 Rxd8 30. Rd1 Rxd1 31. Nxd1 a6 32. Ne3 b5 33. axb5 axb5
34. Nd5 Be5 35. Nf4+ Bxf4 36. Kxf4 Kf6 37. Ke4 Ke6 38. b3 Kd6 39. Kf4 Ke6 40.
Kg5 Kf7 1/2-1/2

[Event "Seniorenkampioenschap 2012"]
[Site "Oosterbeek, Netherlands"]
[Date "2012.07.08"]
[Round "2"]
[White "Vlam, Horatio"]
[Black "Vreugdenhil, Frans"]
[Result "1-0"]
[WhiteElo "2145"]
[BlackElo "2034"]
[PlyCount "99"]
[EventDate "2012.??.??"]

1. c4 c5 2. Nf3 Nf6 3. Nc3 d5 4. cxd5 Nxd5 5. g3 Nc6 6. Nxd5 Qxd5 7. Bg2 e6 8.
O-O Be7 9. d3 O-O 10. Be3 Qh5 11. Qa4 Bd7 12. d4 Rfd8 13. dxc5 Ne5 14. Qf4 Ng4
15. Bd4 Bc6 16. h3 Nh6 17. b4 a5 18. a3 Qd5 19. Qe5 Nf5 20. Qxd5 Bxd5 21. Be5
Rd7 22. g4 Nh6 23. Rfd1 Rad8 24. Bc3 f6 25. Rd2 Be4 26. Rad1 Bd5 27. e4 Bc6 28.
Rxd7 Rxd7 29. Rxd7 Bxd7 30. e5 f5 31. g5 Nf7 32. h4 Bc6 33. Nd2 Bxg2 34. Kxg2
Nd8 35. Nc4 axb4 36. axb4 h6 37. f4 hxg5 38. hxg5 g6 39. Nd6 Kf8 40. Kf3 Kg7
41. b5 Kf8 42. Ba5 Bxd6 43. exd6 Nf7 44. Ke3 Ke8 45. Kd4 Kd7 46. Bc7 e5+ 47.
fxe5 f4 48. Kd5 Nxe5 49. Kxe5 f3 50. Bb6 1-0

[Event "Seniorenkampioenschap 2012"]
[Site "Oosterbeek, Netherlands"]
[Date "2012.07.08"]
[Round "2"]
[White "Klein, Ron"]
[Black "Van de Vreede, Jim"]
[Result "1/2-1/2"]
[WhiteElo "2049"]
[BlackElo "1994"]
[PlyCount "59"]
[EventDate "2012.??.??"]

1. f4 d5 2. Nf3 d4 3. e4 dxe3 4. d4 c5 5. Bxe3 cxd4 6. Nxd4 Nf6 7. Nc3 a6 8.
Be2 e6 9. Bf3 Nbd7 10. Qd2 Be7 11. Nb3 Qc7 12. a4 Nb6 13. Bd4 Nc4 14. Qc1 O-O
15. O-O Rd8 16. Ne2 Nd5 17. c3 b6 18. Nd2 Nxd2 19. Qxd2 Bb7 20. g3 Rd7 21. Qe1
Bc5 22. Qf2 Rad8 23. Rfc1 Qd6 24. a5 Bxd4 25. Nxd4 b5 26. Nb3 Rc8 27. Rc2 Rdc7
28. Rac1 Qe7 29. Bg2 Ba8 30. Nd4 1/2-1/2

[Event "Seniorenkampioenschap 2012"]
[Site "Oosterbeek, Netherlands"]
[Date "2012.07.08"]
[Round "2"]
[White "Erwich, Frans"]
[Black "Smeets, Pierre"]
[Result "1/2-1/2"]
[WhiteElo "1985"]
[BlackElo "2041"]
[PlyCount "97"]
[EventDate "2012.??.??"]

1. e4 e6 2. d4 d5 3. Nc3 Nf6 4. e5 Nfd7 5. f4 c5 6. Nf3 Nc6 7. Be3 a6 8. Qd2 b5
9. dxc5 Bxc5 10. Nd4 Qb6 11. O-O-O Bb7 12. Be2 Rc8 13. Bg1 Nxd4 14. Bxd4 Bxd4
15. Qxd4 Qxd4 16. Rxd4 g5 17. g3 Rg8 18. Bf3 gxf4 19. gxf4 Rc4 20. Rxc4 bxc4
21. Ne2 f6 22. exf6 Kf7 23. Kd2 Nxf6 24. Rg1 Rxg1 25. Nxg1 Kg6 26. Ke3 Kf5 27.
Ne2 e5 28. fxe5 Kxe5 29. c3 Nd7 30. b4 cxb3 31. axb3 a5 32. Nd4 Nc5 33. b4 axb4
34. cxb4 Ne6 35. Nxe6 Kxe6 36. Kd4 Kd6 37. b5 h6 38. h4 Ba8 39. h5 Bb7 40. Bg4
Ba8 41. Bc8 Kc7 42. Be6 Kd6 43. Bg4 Bb7 44. Bd1 Ba8 45. Bb3 Bb7 46. Ba4 Bc8 47.
b6 Bg4 48. Be8 Bxh5 49. Bxh5 1/2-1/2

[Event "Seniorenkampioenschap 2012"]
[Site "Oosterbeek, Netherlands"]
[Date "2012.07.08"]
[Round "2"]
[White "Toorman, Jan"]
[Black "Caljé, Tom"]
[Result "1/2-1/2"]
[WhiteElo "2028"]
[BlackElo "1990"]
[PlyCount "58"]
[EventDate "2012.??.??"]

1. e4 d6 2. d4 Nf6 3. Nc3 c6 4. f4 Qa5 5. Qd3 e5 6. Nf3 Nbd7 7. a3 exd4 8. b4
Qb6 9. Nxd4 a5 10. Rb1 axb4 11. axb4 g6 12. Be3 Qc7 13. Be2 Bg7 14. O-O O-O 15.
Rfd1 Nb6 16. Kh1 d5 17. Nb3 dxe4 18. Nxe4 Nxe4 19. Qxe4 Bf5 20. Bxb6 Qxb6 21.
Qc4 Ra2 22. Bd3 Be6 23. Qc5 Qc7 24. Rf1 Raa8 25. f5 gxf5 26. Bxf5 Qe5 27. Qxe5
Bxe5 28. Bxe6 fxe6 29. Nc5 Bd6 1/2-1/2